| 000 | 00505nam a2200157 i 4500 | ||
|---|---|---|---|
| 001 | 41791 | ||
| 003 | ES-MaACL | ||
| 005 | 20230906160507.0 | ||
| 007 | t| | ||
| 008 | 030311s1970 sp ||||1| spa d | ||
| 100 | 1 |
_aCastañeda, Rafael. _936409 |
|
| 245 | 1 | 0 |
_aMundo y fe en evolución radical _b: las estructuras revolucionarias del proceso de secularización eclesial / _cRafael Castañeda. |
| 260 |
_aMadrid : _bStudium, _c[1970] |
||
| 300 |
_a240 p. ; _c19 cm. |
||
| 852 |
_aES-MaACL _jC-39973 _bR.72773 |
||
| 999 |
_c41791 _d41791 |
||